| 000 | 00357nam a2200121Ia 4500 | ||
|---|---|---|---|
| 005 | 20251222142013.0 | ||
| 008 | 251222s9999||||xx |||||||||||||| ||spa|| | ||
| 082 | _a922.23/A64A | ||
| 100 | _aAparicio Quispe, Severo | ||
| 245 | 0 | _aEl Arzobispo Goyoneche ante las dificultades de la Iglesia del PerĂº (1816-1872) | |
| 264 | _bConvento La Merced | ||
| 942 | _cLIB | ||
| 999 |
_c10379 _d10379 |
||